Grand Mapper Trivia - Statistics

General Stats
  • This quiz has been taken 17 times
    8 since last reset
  • The average score is 16 of 22
Answer Stats
Hint Answer % Correct
The primary host of Grand Mapper! Ankhor
88%
This is the 4th, and considered one of the worst by the community, season of Grand Mapper. Grand Mapper: Diarchy
88%
This season was based around the Atlantic. Grand Mapper: Tides of the Atlantic
88%
The primary host of Grand Mapper Season 11: Trenches of Terror. Hamezz of the Northwest
88%
The opposite of Solar. Lunar
88%
The two people that have played in four seasons of Grand Mapper. The first played in season 1, 2, 6, and 8 and the other played in seasons 1, 2, 6, and 11. Venant Mapping or Sundalanian
88%
The least amount of people that have been in a season. 9
75%
This person is represented by a countryball of Thailand and likes drawing countryhumans. Chari
75%
The first boot of Grand Mapper Season 1. Corsium
75%
The winner of Season 5... Holy Sealandic
75%
They were the fan favorite of Grand Mapper Season 10. Puerto Rican or Seclyria
75%
The winner of Season 2. Scheletal Mapper
75%
He has done very bad in terms of submission scores in Grand Mapper and has competed in seasons 8 and 10. Seclyria
75%
His discord name is Hob. Simple Mapping
75%
His catchphrase is, "YOU ARE THE WEAKEST LINK, GODBYE!" The Aham One
75%
This player was the first to play four times. Venant
75%
They got second in Grand Mapper: David vs. Goliath. Great Mediterranean Mapping
63%
The first Brazilian competitor in Grand Mapper. Mink
63%
This was the European union in Season 3. Viejo Union
63%
This player has the record for the most votes ever in Grand Mapper. Hydra Gamer
38%
This is the sixth item up for bidding in the season 11 auction. Gas Grenade
25%
These was the second season that Atlantic played in. Grand Mapper: Revenge and Redemption Ultimus
25%
No matching quizzes found
Score Distribution
Percent of People with Each Score
Percentile by Number Answered
Your Score History
You have not taken this quiz since the last reset